[Event "Anderssen mem. Rapid"]
[Site "Wroclaw POL"]
[Date "2022.07.30"]
[Round "1.3"]
[White "Bednarczyk, Mateusz"]
[Black "Golubka, Petro"]
[Result "0-1"]
[WhiteElo "1925"]
[BlackElo "2378"]
[WhiteFideId "-1"]
[BlackFideId "-1"]
[PlyCount "56"]
[GameId "2130307572496982"]
[EventDate "2022.07.30"]
[EventType "swiss"]
[EventRounds "9"]
[EventCountry "POL"]
[SourceTitle "10 Days #695"]
[Source "ChessMix"]
[SourceDate "2022.08.10"]
[SourceVersion "1"]
[SourceVersionDate "2022.08.10"]
[SourceQuality "1"]

1. e4 c5 2. Nf3 d6 3. d4 cxd4 4. Nxd4 Nf6 5. Nc3 a6 6. Be3 Ng4 7. Bc1 h6 8. Be2 Nf6 9. O-O Nc6 10. Be3 e5 11. Nb3 Be6 12. Nd5 Bxd5 13. exd5 Ne7 14. c4 Nf5 15. Bd2 Be7 16. g4 Nh4 17. Bb4 b6 18. Nd2 a5 19. Qa4+ Nd7 20. Ba3 O-O 21. Ne4 Nc5 22. Bxc5 bxc5 23. Qb3 Ng6 24. Qe3 Nf4 25. Bf3 Bg5 26. Nxg5 hxg5 27. Be4 g6 28. Qg3 Ne2+ 0-1

[Event "Anderssen mem. Rapid"]
[Site "Wroclaw POL"]
[Date "2022.07.30"]
[Round "2.3"]
[White "Golubka, Petro"]
[Black "Madej, Marek"]
[Result "1-0"]
[WhiteElo "2378"]
[BlackElo "1995"]
[WhiteFideId "-1"]
[BlackFideId "-1"]
[PlyCount "107"]
[GameId "2130307572505225"]
[EventDate "2022.07.30"]
[EventType "swiss"]
[EventRounds "9"]
[EventCountry "POL"]
[SourceTitle "10 Days #695"]
[Source "ChessMix"]
[SourceDate "2022.08.10"]
[SourceVersion "1"]
[SourceVersionDate "2022.08.10"]
[SourceQuality "1"]

1. e4 e5 2. Bb5 a6 3. Ba4 Nf6 4. d3 Nc6 5. c4 Bc5 6. Nf3 O-O 7. Nc3 h6 8. h3 d6 9. Bxc6 bxc6 10. a3 d5 11. Qe2 Re8 12. O-O a5 13. b3 Rb8 14. Rb1 Bd4 15. Na4 dxe4 16. dxe4 c5 17. Bd2 Bb7 18. Nxd4 cxd4 19. f3 Nh5 20. Qf2 Bc6 21. Nc5 Qd6 22. b4 axb4 23. axb4 Rf8 24. g4 Nf6 25. b5 Qxc5 26. Bb4 Qxc4 27. Bxf8 Bxb5 28. Be7 Qe6 29. Bxf6 Qxf6 30. Rfc1 c6 31. Kg2 Ra8 32. Ra1 Rxa1 33. Rxa1 Kh7 34. h4 c5 35. Qb2 Bd3 36. h5 Qf4 37. Ra7 c4 38. Qa2 Bxe4 39. fxe4 Qxg4+ 40. Kf2 Qf4+ 41. Kg1 c3 42. Rxf7 Qg4+ 43. Kf1 Qd1+ 44. Kg2 Qxh5 45. Rf8 Qg4+ 46. Kf2 Qh4+ 47. Kg1 Qe1+ 48. Kh2 Qh4+ 49. Kg1 Qg3+ 50. Kf1 Qd3+ 51. Kg1 Qe3+ 52. Kh2 Kg6 53. Qf7+ Kh7 54. Qf5+ 1-0

[Event "Anderssen mem. Rapid"]
[Site "Wroclaw POL"]
[Date "2022.07.30"]
[Round "3.3"]
[White "Dobrowolski, Aleksander"]
[Black "Golubka, Petro"]
[Result "1/2-1/2"]
[WhiteElo "2219"]
[BlackElo "2378"]
[WhiteFideId "-1"]
[BlackFideId "-1"]
[PlyCount "106"]
[GameId "2130307572505279"]
[EventDate "2022.07.30"]
[EventType "swiss"]
[EventRounds "9"]
[EventCountry "POL"]
[SourceTitle "10 Days #695"]
[Source "ChessMix"]
[SourceDate "2022.08.10"]
[SourceVersion "1"]
[SourceVersionDate "2022.08.10"]
[SourceQuality "1"]

1. e4 c5 2. Nf3 d6 3. d4 cxd4 4. Nxd4 Nf6 5. Nc3 a6 6. Be2 e6 7. f4 Be7 8. O-O Nc6 9. Kh1 Qc7 10. Be3 Bd7 11. a4 O-O 12. Qe1 Nb4 13. Qg3 Kh8 14. Bd3 Bc6 15. Rae1 Nd7 16. f5 e5 17. Nf3 Nf6 18. Bg5 b5 19. axb5 Nxd3 20. cxd3 axb5 21. d4 b4 22. Bxf6 Bxf6 23. dxe5 dxe5 24. Nd5 Bxd5 25. exd5 Qd7 26. Nxe5 Qxd5 27. b3 Rae8 28. Nc4 Bc3 29. Rxe8 Rxe8 30. h3 h6 31. Qf3 Qxf3 32. Rxf3 Re1+ 33. Kh2 Rb1 34. Re3 Rxb3 35. Nd6 Kg8 36. Re8+ Kh7 37. Nxf7 g6 38. fxg6+ Kxg6 39. Ne5+ Kf6 40. Nc4 Rb1 41. g4 Rd1 42. Rc8 b3 43. h4 Rd4 44. g5+ hxg5 45. hxg5+ Kxg5 46. Na3 Bb4 47. Nc4 Rxc4 48. Rxc4 Bd6+ 49. Kh3 b2 50. Rg4+ Kf5 51. Rg1 Bf4 52. Rb1 Bc1 53. Rxb2 Bxb2 1/2-1/2

[Event "Anderssen mem. Rapid"]
[Site "Wroclaw POL"]
[Date "2022.07.30"]
[Round "4.8"]
[White "Golubka, Petro"]
[Black "Lanin, Boris Aleksandrovic"]
[Result "1-0"]
[WhiteElo "2378"]
[BlackElo "1950"]
[WhiteFideId "-1"]
[BlackFideId "-1"]
[PlyCount "67"]
[GameId "2130307572509434"]
[EventDate "2022.07.30"]
[EventType "swiss"]
[EventRounds "9"]
[EventCountry "POL"]
[SourceTitle "10 Days #695"]
[Source "ChessMix"]
[SourceDate "2022.08.10"]
[SourceVersion "1"]
[SourceVersionDate "2022.08.10"]
[SourceQuality "1"]

1. e4 e5 2. Bb5 Bc5 3. Nc3 Nf6 4. f4 c6 5. fxe5 cxb5 6. exf6 Qxf6 7. Qf3 Qg6 8. Nge2 Nc6 9. Nxb5 O-O 10. d4 Bb6 11. Nf4 Qf6 12. c3 Qh4+ 13. g3 Qe7 14. Nd5 Qd8 15. Bf4 Re8 16. O-O-O d6 17. Nxd6 Re6 18. Nxf7 Qd7 19. Ne5 Nxe5 20. Bxe5 Qf7 21. Qxf7+ Kxf7 22. Rhf1+ Kg8 23. h4 Bd7 24. Nxb6 Rxb6 25. Rf4 Rg6 26. Rg1 Rf8 27. Rxf8+ Kxf8 28. Kd2 Bg4 29. Ke3 Ke7 30. d5 h5 31. c4 Ra6 32. a3 Ra4 33. Rc1 b5 34. c5 1-0

[Event "Anderssen mem. Rapid"]
[Site "Wroclaw POL"]
[Date "2022.07.30"]
[Round "5.4"]
[White "Golubka, Petro"]
[Black "Stelmaszuk, Maciej"]
[Result "1-0"]
[WhiteElo "2378"]
[BlackElo "1974"]
[WhiteFideId "-1"]
[BlackFideId "-1"]
[PlyCount "67"]
[GameId "2130307572509484"]
[EventDate "2022.07.30"]
[EventType "swiss"]
[EventRounds "9"]
[EventCountry "POL"]
[SourceTitle "10 Days #695"]
[Source "ChessMix"]
[SourceDate "2022.08.10"]
[SourceVersion "1"]
[SourceVersionDate "2022.08.10"]
[SourceQuality "1"]

1. e4 c5 2. a3 Nc6 3. Bb5 Nd4 4. Bc4 e6 5. c3 Nc6 6. d4 cxd4 7. cxd4 d5 8. exd5 exd5 9. Bb5 Nf6 10. Nf3 Be7 11. O-O O-O 12. Bxc6 bxc6 13. Ne5 Qc7 14. Nc3 Bd6 15. Bf4 Re8 16. Rc1 Rb8 17. Na4 Bd7 18. b4 Ne4 19. f3 g5 20. fxe4 gxf4 21. exd5 Bxe5 22. dxe5 Qxe5 23. Nc5 Bf5 24. dxc6 Rbc8 25. b5 Rcd8 26. Nd7 Bxd7 27. cxd7 Re6 28. Rc8 Qe3+ 29. Kh1 Qb6 30. Qg4+ Rg6 31. Qxf4 f6 32. Rxd8+ Qxd8 33. Qc4+ Kg7 34. Qc8 1-0

[Event "Anderssen mem. Rapid"]
[Site "Wroclaw POL"]
[Date "2022.07.30"]
[Round "6.2"]
[White "Cyborowski, Lukasz"]
[Black "Golubka, Petro"]
[Result "1/2-1/2"]
[WhiteElo "2483"]
[BlackElo "2378"]
[WhiteFideId "-1"]
[BlackFideId "-1"]
[PlyCount "38"]
[GameId "2130307572513632"]
[EventDate "2022.07.30"]
[EventType "swiss"]
[EventRounds "9"]
[EventCountry "POL"]
[SourceTitle "10 Days #695"]
[Source "ChessMix"]
[SourceDate "2022.08.10"]
[SourceVersion "1"]
[SourceVersionDate "2022.08.10"]
[SourceQuality "1"]

1. d4 Nf6 2. c4 c6 3. Nf3 d5 4. Nbd2 e6 5. e3 c5 6. dxc5 Bxc5 7. a3 a5 8. cxd5 exd5 9. Bb5+ Nc6 10. Nb3 Bd6 11. Nbd4 O-O 12. O-O Bg4 13. Be2 Ne4 14. Bd2 Nxd4 15. Nxd4 Qh4 16. g3 Nxg3 17. fxg3 Bxg3 18. hxg3 Qxg3+ 19. Kh1 Qh3+ 1/2-1/2

[Event "Anderssen mem. Rapid"]
[Site "Wroclaw POL"]
[Date "2022.07.30"]
[Round "7.3"]
[White "Golubka, Petro"]
[Black "Grabarczyk, Miroslaw"]
[Result "1/2-1/2"]
[WhiteElo "2378"]
[BlackElo "2371"]
[WhiteFideId "-1"]
[BlackFideId "-1"]
[PlyCount "107"]
[GameId "2130307572513687"]
[EventDate "2022.07.30"]
[EventType "swiss"]
[EventRounds "9"]
[EventCountry "POL"]
[SourceTitle "10 Days #695"]
[Source "ChessMix"]
[SourceDate "2022.08.10"]
[SourceVersion "1"]
[SourceVersionDate "2022.08.10"]
[SourceQuality "1"]

1. e4 e5 2. Nf3 Nf6 3. Nxe5 d6 4. Nf3 Nxe4 5. Nc3 Nxc3 6. dxc3 Be7 7. Bf4 Nc6 8. Qd2 Be6 9. a3 Qd7 10. O-O-O a6 11. h4 h6 12. Bd3 O-O-O 13. Kb1 Bf5 14. h5 Rhe8 15. Bc4 Be6 16. Bd5 Bxd5 17. Qxd5 Qe6 18. Qd3 Bf6 19. Nd2 Qg4 20. g3 Qe2 21. Qf5+ Qe6 22. Qh7 Re7 23. f3 d5 24. Nb3 b6 25. a4 Kb7 26. g4 d4 27. cxd4 Nxd4 28. Nxd4 Rxd4 29. Rxd4 Bxd4 30. Qd3 Bf6 31. Rd1 Qc6 32. b3 Re8 33. c4 Rd8 34. Qe2 Rxd1+ 35. Qxd1 b5 36. axb5 axb5 37. Qd5 bxc4 38. bxc4 Qxd5 39. cxd5 Kb6 40. Kc2 Kc5 41. Bxc7 Kxd5 42. Kd3 Bb2 43. f4 g6 44. hxg6 fxg6 45. Ke3 Ke6 46. Ke4 Kf7 47. f5 Bc1 48. Be5 Bd2 49. Bd4 Bc1 50. fxg6+ Kxg6 51. Kf3 h5 52. gxh5+ Kxh5 53. Be3 Bxe3 54. Kxe3 1/2-1/2

[Event "Anderssen mem. Rapid"]
[Site "Wroclaw POL"]
[Date "2022.07.30"]
[Round "8.5"]
[White "Mis, Mieszko"]
[Black "Golubka, Petro"]
[Result "1-0"]
[WhiteElo "2401"]
[BlackElo "2378"]
[WhiteFideId "-1"]
[BlackFideId "-1"]
[PlyCount "65"]
[GameId "2130307572517839"]
[EventDate "2022.07.30"]
[EventType "swiss"]
[EventRounds "9"]
[EventCountry "POL"]
[SourceTitle "10 Days #695"]
[Source "ChessMix"]
[SourceDate "2022.08.10"]
[SourceVersion "1"]
[SourceVersionDate "2022.08.10"]
[SourceQuality "1"]

1. e4 c5 2. f4 e6 3. Nf3 d5 4. Bb5+ Bd7 5. Bxd7+ Nxd7 6. d3 Ngf6 7. Qe2 c4 8. dxc4 Nxe4 9. cxd5 exd5 10. Nbd2 Qa5 11. c3 f5 12. Nd4 g6 13. Nxe4 fxe4 14. f5 Bg7 15. Ne6 Be5 16. O-O gxf5 17. Qh5+ Ke7 18. Nd4 Raf8 19. Bg5+ Kd6 20. Bh6 Qb6 21. Bxf8+ Rxf8 22. Rad1 Bxd4+ 23. Rxd4 Qxb2 24. Rfd1 Nb6 25. c4 Rg8 26. R4d2 Qf6 27. Qh3 Ke7 28. c5 Nd7 29. Rxd5 Ne5 30. c6 bxc6 31. Qa3+ Kf7 32. Qxa7+ Kg6 33. Rd6 1-0

[Event "Anderssen mem. Rapid"]
[Site "Wroclaw POL"]
[Date "2022.07.30"]
[Round "9.7"]
[White "Zerebiec, Maurycy"]
[Black "Golubka, Petro"]
[Result "1-0"]
[WhiteElo "1915"]
[BlackElo "2378"]
[WhiteFideId "-1"]
[BlackFideId "-1"]
[PlyCount "87"]
[GameId "2130307572517895"]
[EventDate "2022.07.30"]
[EventType "swiss"]
[EventRounds "9"]
[EventCountry "POL"]
[SourceTitle "10 Days #695"]
[Source "ChessMix"]
[SourceDate "2022.08.10"]
[SourceVersion "1"]
[SourceVersionDate "2022.08.10"]
[SourceQuality "1"]

1. c4 e6 2. e4 c5 3. Nc3 a6 4. g3 Nc6 5. Bg2 d6 6. Nge2 e5 7. d3 h5 8. h4 Be7 9. Nd5 b5 10. b3 Be6 11. Be3 Nf6 12. O-O Ng4 13. Qd2 Bxd5 14. cxd5 Nd4 15. Rac1 a5 16. Nc3 b4 17. Na4 Rg8 18. Bxd4 exd4 19. f4 Bxh4 20. gxh4 Qxh4 21. Rf3 Qh2+ 22. Kf1 Ne3+ 23. Rxe3 dxe3 24. Qxe3 g5 25. fxg5 Qe5 26. Nb6 Ra6 27. Nc4 Qxg5 28. Qxg5 Rxg5 29. Kf2 Ke7 30. Nb2 Ra8 31. Rh1 Rh8 32. Nc4 h4 33. Ne3 Kf6 34. Nf5 a4 35. Nxd6 axb3 36. axb3 Ra8 37. Bf1 Ra3 38. Nc4 Rxb3 39. Rxh4 Rc3 40. Rf4+ Kg7 41. d6 Kf8 42. d7 Ke7 43. Rxf7+ Kd8 44. Nd6 1-0

[Event "Warsaw Summer op"]
[Site "Warszawa POL"]
[Date "2022.07.18"]
[Round "1.9"]
[White "Golubka, Petro"]
[Black "Meers, Hubert"]
[Result "1/2-1/2"]
[WhiteElo "2378"]
[BlackElo "2003"]
[WhiteFideId "-1"]
[BlackFideId "-1"]
[PlyCount "67"]
[GameId "2130307573252549"]
[EventDate "2022.07.18"]
[EventType "swiss"]
[EventRounds "9"]
[EventCountry "POL"]
[SourceTitle "10 Days #694"]
[Source "ChessMix"]
[SourceDate "2022.08.01"]
[SourceVersion "1"]
[SourceVersionDate "2022.08.01"]
[SourceQuality "1"]

1. d4 Nf6 2. Bf4 g6 3. Nc3 d5 4. Nb5 Na6 5. e3 c6 6. Nc3 Nc7 7. Be2 Bg7 8. h4 h5 9. Be5 Bf5 10. Nf3 O-O 11. Ng5 Ne4 12. g4 f6 13. Bxc7 Qxc7 14. Ngxe4 Bxe4 15. Nxe4 dxe4 16. gxh5 Qa5+ 17. c3 gxh5 18. Qb3+ Kh8 19. Qe6 Qd5 20. Qxe7 Rfe8 21. Qb4 Bf8 22. Qb3 Rad8 23. Rg1 Be7 24. Qxb7 Rb8 25. Qc7 Rxb2 26. Qf4 Rxe2+ 27. Kf1 Kh7 28. c4 Qf7 29. Qf5+ Kh6 30. d5 Rb2 31. Qf4+ Kh7 32. Qf5+ Kh6 33. Qf4+ Kh7 34. Qf5+ 1/2-1/2

[Event "Warsaw Summer op"]
[Site "Warszawa POL"]
[Date "2022.07.19"]
[Round "2.16"]
[White "Szczotka, Klara"]
[Black "Golubka, Petro"]
[Result "1/2-1/2"]
[WhiteElo "1760"]
[BlackElo "2378"]
[WhiteFideId "-1"]
[BlackFideId "-1"]
[PlyCount "84"]
[GameId "2130307573252590"]
[EventDate "2022.07.18"]
[EventType "swiss"]
[EventRounds "9"]
[EventCountry "POL"]
[SourceTitle "10 Days #694"]
[Source "ChessMix"]
[SourceDate "2022.08.01"]
[SourceVersion "1"]
[SourceVersionDate "2022.08.01"]
[SourceQuality "1"]

1. d4 f5 2. Bg5 d5 3. e3 Be6 4. Bd3 Nf6 5. Qe2 c6 6. Bxf6 exf6 7. h4 h5 8. Nh3 g6 9. c4 Bb4+ 10. Kf1 Bd6 11. c5 Bc7 12. Nc3 a5 13. Nf4 Bf7 14. g3 Nd7 15. Kg2 Qe7 16. Rab1 O-O 17. Rhc1 Kg7 18. a3 a4 19. Qc2 b5 20. Na2 Ba5 21. b4 axb3 22. Rxb3 Rfd8 23. Rcb1 Bc7 24. Nb4 Nb8 25. Ra1 Bxf4 26. exf4 Ra4 27. Qc3 Re8 28. Rb2 Ra8 29. Re2 Qd8 30. Rxe8 Bxe8 31. Bc2 Na6 32. Nxa6 Rxa6 33. a4 Qa8 34. a5 Bf7 35. Bd3 Qd8 36. Qb4 Kf8 37. Kf3 Be8 38. Qd2 Qc7 39. Ke2 Ke7 40. Kd1 Kd8 41. Kc2 Bd7 42. Kb3 Kc8 1/2-1/2

[Event "Warsaw Summer op"]
[Site "Warszawa POL"]
[Date "2022.07.20"]
[Round "3.13"]
[White "Golubka, Petro"]
[Black "Kulesza, Andrzej"]
[Result "1-0"]
[WhiteElo "2378"]
[BlackElo "2051"]
[WhiteFideId "-1"]
[BlackFideId "-1"]
[PlyCount "53"]
[GameId "2130307573252622"]
[EventDate "2022.07.18"]
[EventType "swiss"]
[EventRounds "9"]
[EventCountry "POL"]
[SourceTitle "10 Days #694"]
[Source "ChessMix"]
[SourceDate "2022.08.01"]
[SourceVersion "1"]
[SourceVersionDate "2022.08.01"]
[SourceQuality "1"]

1. g3 Nf6 2. Bg2 d5 3. Nf3 c5 4. c4 d4 5. b4 cxb4 6. a3 b3 7. Qxb3 Nc6 8. O-O e6 9. e3 dxe3 10. fxe3 Be7 11. Bb2 O-O 12. d4 Na5 13. Qd3 Qc7 14. Nbd2 Rd8 15. Ng5 h6 16. Nxf7 Kxf7 17. Qh7 Bd7 18. Be4 Rg8 19. d5 e5 20. Bg6+ Kf8 21. Ne4 Qb6 22. c5 Qxb2 23. Nxf6 Bxf6 24. Rxf6+ Ke7 25. Rf7+ Kd8 26. Qxg8+ Kc7 27. Rxd7+ 1-0

[Event "Warsaw Summer op"]
[Site "Warszawa POL"]
[Date "2022.07.21"]
[Round "4.8"]
[White "Jaskolka, Tomasz"]
[Black "Golubka, Petro"]
[Result "0-1"]
[WhiteElo "2194"]
[BlackElo "2378"]
[WhiteFideId "-1"]
[BlackFideId "-1"]
[PlyCount "92"]
[GameId "2130307573256747"]
[EventDate "2022.07.18"]
[EventType "swiss"]
[EventRounds "9"]
[EventCountry "POL"]
[SourceTitle "10 Days #694"]
[Source "ChessMix"]
[SourceDate "2022.08.01"]
[SourceVersion "1"]
[SourceVersionDate "2022.08.01"]
[SourceQuality "1"]

1. d4 Nf6 2. c4 e6 3. g3 Bb4+ 4. Nd2 c5 5. a3 Bxd2+ 6. Qxd2 cxd4 7. Qxd4 Nc6 8. Qd3 Qa5+ 9. Bd2 Qb6 10. Bg2 Qxb2 11. Bc3 Qb6 12. Nf3 Qc7 13. O-O e5 14. Rad1 O-O 15. Nh4 g6 16. h3 Ne8 17. c5 a5 18. f4 Ra6 19. Qe3 d6 20. Kh2 dxc5 21. Qxc5 Nd4 22. Bxd4 exd4 23. Qxd4 Qe7 24. Qd3 Rd6 25. Qc3 Rxd1 26. Rxd1 Nf6 27. Qxa5 Qxe2 28. Qd2 Qb5 29. Qc3 Ne4 30. Qd4 Nc5 31. f5 gxf5 32. Qe5 Re8 33. Qf4 Ne4 34. Rf1 Qe5 35. Nxf5 Bxf5 36. Qxf5 Qxg3+ 37. Kh1 Nd6 38. Qd7 Re2 39. Rg1 h5 40. Qd8+ Kg7 41. h4 Ne4 42. Qd4+ Nf6 43. a4 b6 44. Qd3 Qxd3 45. Be4+ Ng4 46. Bxd3 Rh2# 0-1

[Event "Warsaw Summer op"]
[Site "Warszawa POL"]
[Date "2022.07.22"]
[Round "5.6"]
[White "Golubka, Petro"]
[Black "Poltorak, Sebastian"]
[Result "1/2-1/2"]
[WhiteElo "2378"]
[BlackElo "2322"]
[WhiteFideId "-1"]
[BlackFideId "-1"]
[PlyCount "87"]
[GameId "2130307573256780"]
[EventDate "2022.07.18"]
[EventType "swiss"]
[EventRounds "9"]
[EventCountry "POL"]
[SourceTitle "10 Days #694"]
[Source "ChessMix"]
[SourceDate "2022.08.01"]
[SourceVersion "1"]
[SourceVersionDate "2022.08.01"]
[SourceQuality "1"]

1. e4 c6 2. c4 d5 3. exd5 cxd5 4. d4 Nf6 5. Nc3 Nc6 6. Bg5 Ne4 7. Nxe4 dxe4 8. d5 f6 9. dxc6 fxg5 10. Qxd8+ Kxd8 11. O-O-O+ Kc7 12. Ne2 bxc6 13. Ng3 e5 14. Nxe4 Be7 15. Bd3 Rf8 16. h3 Bf5 17. f3 Bxe4 18. Bxe4 h6 19. Kc2 Bc5 20. g3 Rab8 21. b3 a5 22. a4 Bd4 23. Rd2 Rf6 24. h4 gxh4 25. gxh4 Rd8 26. h5 c5 27. Rg2 Rd7 28. Rd1 Kd8 29. Rdd2 Ke8 30. Rg4 Kf8 31. Rdg2 Be3 32. Bd5 Bg5 33. Re2 Bf4 34. Kd3 Rb6 35. Rb2 Bg5 36. Ke4 Rd8 37. Kd3 Rdb8 38. Kc2 Ke7 39. Rb1 Kf6 40. Re4 Bf4 41. Rg1 Bg5 42. Rb1 Bf4 43. Rg1 Bg5 44. Rb1 1/2-1/2

[Event "Warsaw Summer op"]
[Site "Warszawa POL"]
[Date "2022.07.23"]
[Round "6.4"]
[White "Janeczko, Jakub"]
[Black "Golubka, Petro"]
[Result "0-1"]
[WhiteElo "2080"]
[BlackElo "2378"]
[WhiteFideId "-1"]
[BlackFideId "-1"]
[PlyCount "136"]
[GameId "2130307573260908"]
[EventDate "2022.07.18"]
[EventType "swiss"]
[EventRounds "9"]
[EventCountry "POL"]
[SourceTitle "10 Days #694"]
[Source "ChessMix"]
[SourceDate "2022.08.01"]
[SourceVersion "1"]
[SourceVersionDate "2022.08.01"]
[SourceQuality "1"]

1. e4 c5 2. Nf3 d6 3. d4 cxd4 4. Nxd4 Nf6 5. Nc3 a6 6. f4 Nc6 7. Be2 e6 8. Be3 Be7 9. O-O O-O 10. Qe1 Qc7 11. Rd1 Bd7 12. Qg3 Nxd4 13. Bxd4 Bc6 14. Bf3 Rac8 15. Kh1 b5 16. a3 Qb7 17. e5 dxe5 18. Bxe5 Rfd8 19. Be2 g6 20. Rxd8+ Rxd8 21. Rd1 Rxd1+ 22. Bxd1 Nd7 23. Bd4 a5 24. h3 b4 25. axb4 axb4 26. Ne2 Nf6 27. Kh2 Nh5 28. Qf2 f6 29. Ng3 Ng7 30. Be2 h5 31. Bd3 Kf7 32. Nf1 Nf5 33. Bxf5 exf5 34. Nd2 Qd7 35. Qe3 Qb7 36. Qf2 Qc7 37. Be3 Bd5 38. Nf1 Be4 39. c3 bxc3 40. bxc3 Qxc3 41. Qa2+ Kf8 42. Qe6 Qd3 43. Kg1 Qc2 44. Bf2 h4 45. Ne3 Qc1+ 46. Kh2 Qc7 47. Kg1 Qxf4 48. Qc8+ Kf7 49. Qc4+ Kg7 50. Nd5 Qg5 51. Ne3 Bd6 52. Qe6 Bf8 53. Qd7+ Kh6 54. Qe8 Bg7 55. Ng4+ fxg4 56. Qxe4 Qc1+ 57. Be1 f5 58. Qe7 Bd4+ 59. Kh1 Bf6 60. Qf8+ Kg5 61. Qb4 g3 62. Kg1 Bd4+ 63. Kh1 Kh5 64. Qb1 Qb2 65. Qd1+ Kh6 66. Bxg3 hxg3 67. h4 Bg7 68. h5 Qa1 0-1

[Event "Warsaw Summer op"]
[Site "Warszawa POL"]
[Date "2022.07.23"]
[Round "7.4"]
[White "Golubka, Petro"]
[Black "Antolak, Julia"]
[Result "1-0"]
[WhiteElo "2378"]
[BlackElo "2399"]
[WhiteFideId "-1"]
[BlackFideId "-1"]
[PlyCount "95"]
[GameId "2130307573260942"]
[EventDate "2022.07.18"]
[EventType "swiss"]
[EventRounds "9"]
[EventCountry "POL"]
[SourceTitle "10 Days #694"]
[Source "ChessMix"]
[SourceDate "2022.08.01"]
[SourceVersion "1"]
[SourceVersionDate "2022.08.01"]
[SourceQuality "1"]

1. d4 Nf6 2. c4 e6 3. a3 c5 4. Nf3 cxd4 5. Nxd4 Nc6 6. Nc3 d5 7. cxd5 Nxd5 8. Nxc6 bxc6 9. Bd2 Be7 10. e4 Nf6 11. Be3 Qxd1+ 12. Rxd1 Ng4 13. Bf4 Bc5 14. Bg3 Bb7 15. Be2 Nf6 16. f3 Rd8 17. Na4 Be3 18. Rxd8+ Kxd8 19. Bf2 Bxf2+ 20. Kxf2 Kc7 21. Ke3 Rd8 22. f4 Nd7 23. Rc1 Nb6 24. Nc5 Nd7 25. b4 e5 26. g3 Bc8 27. Nb3 Kb6 28. a4 exf4+ 29. gxf4 Nb8 30. a5+ Kc7 31. b5 Rd6 32. h4 Kd8 33. Rg1 g6 34. e5 Rd7 35. Nc5 Rd5 36. Rc1 cxb5 37. Bf3 Rd7 38. Nxd7 Bxd7 39. Bb7 Ke7 40. Kd4 f6 41. Bd5 fxe5+ 42. fxe5 Na6 43. e6 Be8 44. Ke5 b4 45. Bb3 h6 46. Rc8 g5 47. hxg5 hxg5 48. Bc4 1-0

[Event "Warsaw Summer op"]
[Site "Warszawa POL"]
[Date "2022.07.24"]
[Round "8.2"]
[White "Nguyen, Piotr"]
[Black "Golubka, Petro"]
[Result "1/2-1/2"]
[WhiteElo "2404"]
[BlackElo "2378"]
[WhiteFideId "-1"]
[BlackFideId "-1"]
[PlyCount "134"]
[GameId "2130307573260973"]
[EventDate "2022.07.18"]
[EventType "swiss"]
[EventRounds "9"]
[EventCountry "POL"]
[SourceTitle "10 Days #694"]
[Source "ChessMix"]
[SourceDate "2022.08.01"]
[SourceVersion "1"]
[SourceVersionDate "2022.08.01"]
[SourceQuality "1"]

1. Nf3 Nf6 2. c4 e6 3. g3 d5 4. Bg2 Be7 5. O-O O-O 6. b3 a5 7. Nc3 Na6 8. d4 b6 9. cxd5 exd5 10. Bb2 Bb7 11. Rc1 Re8 12. Ne5 Bf8 13. e3 c5 14. Na4 Ne4 15. Qg4 Nf6 16. Qf3 Rb8 17. Rfd1 Bd6 18. Qe2 cxd4 19. exd4 Nb4 20. a3 Nc6 21. Re1 Na7 22. Qf3 Nb5 23. Qd3 Na7 24. Nc3 Rc8 25. Qf5 Bf8 26. g4 Nc6 27. Nxf7 Qc7 28. Rxe8 Rxe8 29. Nxd5 Qxf7 30. Nxf6+ Qxf6 31. Bd5+ Kh8 32. Qxf6 gxf6 33. Bxc6 Re2 34. Bxb7 Rxb2 35. Rc8 Kg7 36. Rc7+ Kh8 37. Rc8 Kg7 38. Rc7+ Kh8 39. Be4 h6 40. Rc8 Kg7 41. Rc7+ Kh8 42. Rh7+ Kg8 43. Rb7 Bxa3 44. Rxb6 Kg7 45. Rb7+ Kf8 46. Bd5 Rd2 47. Rf7+ Ke8 48. Rxf6 Rxd4 49. Bf3 Rd6 50. Rf5 Bb4 51. Bd5 Ke7 52. Rf7+ Ke8 53. Bc4 Rd4 54. Rg7 a4 55. Rb7 Rxg4+ 56. Kf1 Bc5 57. Bb5+ Kf8 58. bxa4 Rf4 59. Kg2 Rxf2+ 60. Kg3 Rf7 61. Rb8+ Kg7 62. Rd8 Bb6 63. Ra8 Rf8 64. Ra6 Rf6 65. Kg4 Bg1 66. h4 Rxa6 67. Bxa6 Bb6 1/2-1/2

[Event "Warsaw Summer op"]
[Site "Warszawa POL"]
[Date "2022.07.25"]
[Round "9.1"]
[White "Janik, Igor"]
[Black "Golubka, Petro"]
[Result "1-0"]
[WhiteElo "2519"]
[BlackElo "2378"]
[WhiteFideId "-1"]
[BlackFideId "-1"]
[PlyCount "81"]
[GameId "2130307573265100"]
[EventDate "2022.07.18"]
[EventType "swiss"]
[EventRounds "9"]
[EventCountry "POL"]
[SourceTitle "10 Days #694"]
[Source "ChessMix"]
[SourceDate "2022.08.01"]
[SourceVersion "1"]
[SourceVersionDate "2022.08.01"]
[SourceQuality "1"]

1. Nf3 Nf6 2. c4 c5 3. g3 Nc6 4. Bg2 e6 5. O-O d5 6. cxd5 exd5 7. d4 Be7 8. Nc3 O-O 9. Bg5 Be6 10. dxc5 Bxc5 11. Rc1 Bb6 12. Na4 h6 13. Bxf6 Qxf6 14. Nxb6 axb6 15. Qb3 Ra6 16. a3 Rd8 17. Rfd1 d4 18. Qb5 Rd5 19. Qd3 Rc5 20. Nd2 Bf5 21. Be4 Rxc1 22. Rxc1 Ra5 23. b4 Rd5 24. Bxf5 Rxf5 25. b5 Nd8 26. Rc8 Rd5 27. Qe4 Qe6 28. Qxe6 fxe6 29. Nc4 Kh7 30. a4 d3 31. exd3 Rxd3 32. Nxb6 e5 33. Rc7 Rd6 34. Rd7 Rxb6 35. Rxd8 Rf6 36. Re8 Rf3 37. Rxe5 Ra3 38. Re4 b6 39. h4 h5 40. Rf4 g6 41. Kf1 1-0

[Event "Najdorf mem-A"]
[Site "Warsaw POL"]
[Date "2022.07.17"]
[Round "9.2"]
[White "Chomczyk, Marek"]
[Black "Golubka, Petro"]
[Result "1/2-1/2"]
[WhiteElo "2290"]
[BlackElo "2378"]
[WhiteFideId "-1"]
[BlackFideId "-1"]
[PlyCount "120"]
[GameId "2130307573766650"]
[EventDate "2022.07.09"]
[EventType "swiss"]
[EventRounds "9"]
[EventCountry "POL"]
[SourceTitle "10 Days #693"]
[Source "ChessMix"]
[SourceDate "2022.07.20"]
[SourceVersion "1"]
[SourceVersionDate "2022.07.20"]
[SourceQuality "1"]

1. e4 c5 2. Nc3 a6 3. g3 Nc6 4. Bg2 d6 5. Nge2 e6 6. d4 cxd4 7. Nxd4 Bd7 8. O-O Nf6 9. Nxc6 Bxc6 10. Bf4 Qc7 11. Re1 Be7 12. e5 dxe5 13. Bxe5 Qc8 14. Bxf6 Bxf6 15. Ne4 Bxe4 16. Bxe4 O-O 17. Qh5 h6 18. Re3 Qc7 19. Rb3 Rab8 20. a4 b6 21. Rd1 Rbd8 22. Qe2 a5 23. Kg2 Rxd1 24. Qxd1 Rd8 25. Qf3 Bd4 26. Bd3 g6 27. Qe4 Kg7 28. Bb5 e5 29. Qc6 Qe7 30. Rd3 Bxb2 31. Rxd8 Qxd8 32. Bc4 Bd4 33. Qb7 Qf6 34. Qf3 Qe7 35. Qd5 Bc5 36. h4 h5 37. Qe4 Bd4 38. Qd5 Bc3 39. Qf3 Bb4 40. Qe4 Bd6 41. Qc6 Bc5 42. Qe4 f5 43. Qd5 Kh6 44. Qg8 Qg7 45. Qxg7+ Kxg7 46. Bb5 Kf7 47. c4 e4 48. Bc6 Kf6 49. Be8 Bd6 50. Kh3 Be5 51. Kg2 Bd4 52. Kf1 f4 53. gxf4 e3 54. fxe3 Bxe3 55. Kg2 Bxf4 56. Kh3 Be3 57. Bc6 g5 58. hxg5+ Kxg5 59. Bb5 h4 60. Bc6 Bc5 1/2-1/2